Identificación y control quimico del agente causal de la marchitez en jitomate (Lycopersicon esculentum Mill.) / (Record no. 219527)
[ view plain ]
| 000 -CABECERA | |
|---|---|
| campo de control de longitud fija | 02511nam a2200289 a 4500 |
| 003 - IDENTIFICADOR DEL NÚMERO DE CONTROL | |
| campo de control | OSt |
| 005 - FECHA Y HORA DE LA ÚLTIMA TRANSACCIÓN | |
| campo de control | 20260210104822.0 |
| 007 - CAMPO FIJO DE DESCRIPCIÓN FÍSICA--INFORMACIÓN GENERAL | |
| campo de control de longitud fija | cr ||||||a|c|a |
| 008 - DATOS DE LONGITUD FIJA--INFORMACIÓN GENERAL | |
| campo de control de longitud fija | 240116s2020 mx a|||fom||| 001 0 spa d |
| 040 ## - FUENTE DE LA CATALOGACIÓN | |
| Normas de descripción | rda |
| 100 1# - ENTRADA PRINCIPAL--NOMBRE DE PERSONA | |
| 9 (RLIN) | 188460 |
| Nombre de persona | Ortiz Najera, Florentina |
| 245 10 - MENCIÓN DE TÍTULO | |
| Título | Identificación y control quimico del agente causal de la marchitez en jitomate (Lycopersicon esculentum Mill.) / |
| Mención de responsabilidad, etc. | por Florentina Ortiz Najera; director de tesis Santos Gerardo Leyva Mir. |
| 264 #1 - PRODUCCIÓN, PUBLICACIÓN, DISTRIBUCIÓN, FABRICACIÓN Y COPYRIGHT | |
| Producción, publicación, distribución, fabricación y copyright | Chapingo, México : |
| Nombre del de productor, editor, distribuidor, fabricante | El autor, |
| Fecha de producción, publicación, distribución, fabricación o copyright | 2020. |
| 300 ## - DESCRIPCIÓN FÍSICA | |
| Extensión | 1 recurso en línea (48 páginas): |
| Otras características físicas | cuadros, figuras. |
| 336 ## - TIPO DE CONTENIDO | |
| Fuente | rdacontent |
| Término de tipo de contenido | texto |
| Código de tipo de contenido | txt |
| 337 ## - TIPO DE MEDIO | |
| Fuente | rdamedia |
| Nombre/término del tipo de medio | computadora |
| Código del tipo de medio | c |
| 338 ## - TIPO DE SOPORTE | |
| Fuente | rdacarrier |
| Nombre/término del tipo de soporte | recurso en línea |
| Código del tipo de soporte | cr |
| 502 ## - NOTA DE TESIS | |
| Tipo de título | Ingeniero Agrónomo Especialista en Parasitología Agrícola |
| Nombre de la institución que otorga el título | Departamento de Enseñanza, Investigación y Servicio en Parasitología Agrícola, |
| Año de obtención del título | 2020. |
| Información miscelánea | Licenciatura |
| 504 ## - NOTA DE BIBLIOGRAFÍA, ETC. | |
| Nota de bibliografía, etc. | Incluye referencias bibliográficas: páginas 12-13.33. |
| 520 ## - SUMARIO, ETC. | |
| Sumario, etc. | El objetivo de este trabajo fue realizar la correcta purificación del agente causal de la marchitez en jitomate y evaluar fungicidas para un manejo adecuado y favorable en el control de la marchitez del jitomate causado por Fusarium sp. El material colectado en el campo experimental San Martin, Chapingo, Estado de México se llevó al laboratorio de fitopatología del departamento de Parasitología Agrícola para realizar el aislamiento del hongo y llevando todos los cuidados necesarios y asepsia en lugar de trabajo. Para la evaluación de los fungicidas lo primero que se hizo fue la inoculación de las plántulas de jitomate con 1𝑥106 microconidios/ml de Fusarium oxysporum f. sp. lycopersici, luego mediante la inmersión de la raíz de las plántulas de jitomate en los diferentes fungicidas (Benomilo, Captan, Clorotalonil, Tiabendazol, Bacillus subtilis), y se tomaron como testigos un tratamiento con solo agua y otro con solo el hongo Fusarium oxysporum f. sp. lycopersici. Los datos obtenidos dela variable analizada (tamaño de raíz de las plántulas) se sometieron a un análisis de varianza y prueba Tukey (p≤0.05). Con la realización de PCR se pudo corroborar que el hongo aislado y purificado de los síntomas colectados se trataba de Fusarium oxysporum f. sp. lycopersici. |
| 650 #4 - PUNTO DE ACCESO ADICIONAL DE MATERIA--TÉRMINO DE MATERIA | |
| 9 (RLIN) | 71288 |
| Término de materia o nombre geográfico como elemento de entrada | Marchitez del tomate |
| 650 #4 - PUNTO DE ACCESO ADICIONAL DE MATERIA--TÉRMINO DE MATERIA | |
| 9 (RLIN) | 44045 |
| Término de materia o nombre geográfico como elemento de entrada | Fungicidas |
| Subdivisión general | Análisis |
| 650 #4 - PUNTO DE ACCESO ADICIONAL DE MATERIA--TÉRMINO DE MATERIA | |
| 9 (RLIN) | 113713 |
| Término de materia o nombre geográfico como elemento de entrada | Tomate |
| Subdivisión general | Enfermedades por hongos |
| 700 1# - PUNTO DE ACCESO ADICIONAL--NOMBRE DE PERSONA | |
| Nombre de persona | Leyva Mir, Santos Gerardo |
| Término indicativo de función/relación | Director de tesis. |
| 9 (RLIN) | 66581 |
| 856 ## - LOCALIZACIÓN Y ACCESO ELECTRÓNICOS | |
| Identificador Uniforme del Recurso | http://10.13.5.2/tesis/tl/Ortiz_Najera_Florentina.pdf |
| Nota pública | DESCARGAR PDF |
| 942 ## - ELEMENTOS DE PUNTO DE ACCESO ADICIONAL (KOHA) | |
| Fuente del sistema de clasificación o colocación | Clasificación Universidad Autónoma Chapingo |
| Estado de retiro | Estado de pérdida | Fuente del sistema de clasificación o colocación | Estado dañado | Restricciones de uso | No para préstamo | Código de colección | Localización permanente | Ubicación/localización actual | Ubicación en estantería | Fecha de adquisición | Total de préstamos | Signatura topográfica completa | Fecha visto por última vez | Precio válido a partir de | Tipo de ítem Koha |
|---|---|---|---|---|---|---|---|---|---|---|---|---|---|---|---|
| Clasificación Universidad Autónoma de Chapingo | Préstamo interno | Tesis digitales de Licenciatura | Biblioteca Digital | Biblioteca Digital | En línea | 16/01/2024 | Tesis digital | 16/01/2024 | 16/01/2024 | Tesis digital |
